Physics for: jee main/ (Record no. 139596)

MARC details
000 -LEADER
fixed length control field 00650nam a22001937a 4500
005 - DATE AND TIME OF LATEST TRANSACTION
control field 20170508150326.0
020 ## - INTERNATIONAL STANDARD BOOK NUMBER
International Standard Book Number 9788131531372
Terms of availability 795.00
035 ## - SYSTEM CONTROL NUMBER
System control number B-669754
037 ## - SOURCE OF ACQUISITION
Stock number dpl
Source of stock number/acquisition ABC/Ven.
082 ## - DEWEY DECIMAL CLASSIFICATION NUMBER
Classification number 530
100 ## - MAIN ENTRY--PERSONAL NAME
Personal name Sharma, B.M.
245 ## - TITLE STATEMENT
Title Physics for: jee main/
Statement of responsibility, etc by B.M.Sharma
250 ## - EDITION STATEMENT
Edition statement 2nd ed.
260 ## - PUBLICATION, DISTRIBUTION, ETC. (IMPRINT)
Place of publication, distribution, etc Delhi
Name of publisher, distributor, etc Cengage Learning India
Date of publication, distribution, etc 2016
270 ## - ADDRESS
Address 418, F.I.E., Patparganj
City Delhi
Postal code 110092
300 ## - PHYSICAL DESCRIPTION
Extent v.p.
Dimensions 27cm(pbk)
Other physical details ill.
942 ## - ADDED ENTRY ELEMENTS (KOHA)
Source of classification or shelving scheme Dewey Decimal Classification
Item type English Books
Classification part 530
Call number suffix SHA
Holdings
Withdrawn status Lost status Not for loan Collection code Home library Current library Date acquired Source of acquisition Cost, normal purchase price Full call number Barcode Copy number Cost, replacement price Koha item type
      Non-fiction Ashok Vihar Ashok Vihar 08/05/2017 BPPD/EN/2015-16/AV/16-17/387/15.2.2017/5077/9.3.2017/24.3.2017 795.00 530 SHA B-669754 1 795.00 English Books

© Delhi Public Library
Hit Counter
free hit counter